| Tag |
First Indicator |
Second Indicator |
Subfields |
| LEADER |
00000cam a2200000Ia 4500 |
| 001 |
in00001671007 |
| 005 |
20151024130531.0 |
| 008 |
741204s1949 nyu 000 0 eng c |
| 010 |
|
|
|a 54039095
|
| 035 |
|
|
|a (OCoLC)ocm01098222
|
| 040 |
|
|
|a IRU
|c IRU
|d GZM
|d OCLCQ
|d TXA
|d UtOrBLW
|
| 041 |
1 |
|
|a eng
|h rus
|
| 049 |
|
|
|a TXAM
|
| 050 |
0 |
0 |
|a PG43
|b .T7 1949
|
| 100 |
1 |
|
|a Trubet︠s︡koĭ, Nikolaĭ Sergeevich,
|c kni︠a︡zʹ,
|d 1890-1938.
|
| 245 |
1 |
4 |
|a The common Slavic element in Russian culture /
|c Nikolai Trubetzkoy ; edited by Leon Stilman.
|
| 264 |
|
1 |
|a [New York] :
|b [publisher not identified],
|c [1949]
|
| 300 |
|
|
|a 49 pages ;
|c 22 cm.
|
| 336 |
|
|
|a text
|b txt
|2 rdacontent
|
| 337 |
|
|
|a unmediated
|b n
|2 rdamedia
|
| 338 |
|
|
|a volume
|b nc
|2 rdacarrier
|
| 490 |
0 |
|
|a Columbia University. Dept. of Slavic Languages. Slavic studies, Slavic philology series
|
| 536 |
|
|
|a From the Library of Professor Horace G. Lunt. October 2000.
|
| 650 |
|
0 |
|a Slavic philology.
|
| 700 |
1 |
|
|a Stilman, Leon.
|
| 948 |
|
|
|a cataloged
|b h
|c 2002/5/6
|d c
|e spoltoratski
|f 11:56:59 am
|
| 994 |
|
|
|a E0
|b TXA
|
| 999 |
|
|
|a MARS
|
| 999 |
f |
f |
|s 5a8a725e-6de2-3d69-b899-27f3c021c587
|i 011ffdc3-8cf7-3432-b1c5-4516e82fac5b
|t 0
|
| 952 |
f |
f |
|p ric
|a Texas A&M University
|b Rellis Campus
|c Joint Library Facility
|d Remote Storage
|t 0
|e PG43 .T7 1949
|h Library of Congress classification
|i unmediated -- volume
|m A14828905611
|
| 998 |
f |
f |
|a PG43 .T7 1949
|t 0
|l Remote Storage
|